000 00742cam a22002413a 4500
001 1216
003 PGUSA
005 20140828082958.0
008 980201s1998||||xxu|||||s|||||000 | eng d
040 _aPGUSA
_beng
042 _adc
050 4 _aQ
100 1 _aBabbage, Charles,
_d1791-1871
245 1 0 _aReflections on the Decline of Science in England, and on Some of Its Causes
_h[electronic resource] /
_cCharles Babbage
260 _bProject Gutenberg,
_c1998
506 _aPublic domain in the USA.
516 _aElectronic text
653 _aScience -- Great Britain -- History
653 _aRoyal Society (Great Britain)
830 0 _aProject Gutenberg
_v1216
856 4 0 _uhttp://www.gutenberg.org/ebooks/1216
942 _cEB
999 _c230564
_d230564